| 000 | 00718nam a2200217Ii 4500 | ||
|---|---|---|---|
| 003 | JO-AjNU | ||
| 008 | 230605s9999||||xx |||||||||||||| ||und|| | ||
| 017 | _a1591 | ||
| 040 |
_aJO-AjNU _bara _erda _cJO-AjNU |
||
| 041 | _aara | ||
| 050 | 1 | 4 | _aSF487 1989 |
| 100 | 3 |
_aمحمد ، ثائر عباس , _eauthor _910478 |
|
| 245 | 0 | 0 | _aعصافير الزرد : اصلها.. تربيتها اساليب تكاثرها امراض وطرق معالجتها |
| 250 | _aط1 | ||
| 264 | 3 | 1 | _aبغداد : د.ن ,1989 |
| 300 | _a98ص | ||
| 336 |
_atext _btxt _2rdacontent |
||
| 337 |
_aunmediated _bn _2rdamedia |
||
| 338 |
_avolume _bnc _2rdacarrier |
||
| 650 | 4 |
_aالعصافير-الزرد-الامراض-علاج _910479 |
|
| 999 |
_aA1826 _c5394 _d5394 |
||